La atmósfera en sus relaciones con la agricultura y el pronóstico del tiempo (Record no. 160563)

MARC details
000 -LEADER
campo de control de longitud fija 00897nam a2200205 i 4500
001 - NÚMERO DE CONTROL
campo de control 160563
003 - IDENTIFICADOR DE NÚMERO DE CONTROL
campo de control ES-MaACL
005 - FECHA Y HORA DE LA ÚLTIMA TRANSACCIÓN
campo de control 20230906212054.0
008 - DATOS DE LONGITUD FIJA--INFORMACIÓN GENERAL
campo de control de longitud fija 950206s1877 sp |||| | spa d
040 ## - FUENTE DE CATALOGACIÓN
Centro catalogador/agencia de origen CLM
Lengua de catalogación spa
Centro/agencia transcriptor CCPB | PA2
100 1# - ENTRADA PRINCIPAL--NOMBRE DE PERSONA
Nombre de persona Navarro Soler, Diego.
9 (RLIN) 130405
245 13 - MENCIÓN DEL TÍTULO
Título La atmósfera en sus relaciones con la agricultura y el pronóstico del tiempo
Resto del título : obra indispensable á los agricultores de utilidad para los marinos, medicos higienistas y demás clases sociales /
Mención de responsabilidad, etc. por el coronel Diego Navarro Soler.
260 ## - PUBLICACIÓN, DISTRIBUCIÓN, ETC.
Lugar de publicación, distribución, etc. Madrid :
Nombre del editor, distribuidor, etc. [s.n.],
Fecha de publicación, distribución, etc. 1877 (
Fabricante Imp. de Manuel G. Hernandez)
300 ## - DESCRIPCIÓN FÍSICA
Extensión XII, 464 p. ;
Dimensiones 18 cm.
530 ## - NOTA DISPONIBLE DE FORMULARIO FÍSICO ADICIONAL
Nota de formato físico adicional disponible Disponible en formato digital.
597 ## - NOTA DE DESCRIPCIÓN FÍSICA
NOTA DE DESCRIPCIÓN FÍSICA Antep.
650 #4 - PUNTO DE ACCESO ADICIONAL DE MATERIA--TÉRMINO DE MATERIA
Término de materia o nombre geográfico como elemento de entrada Meteorología agrícola.
9 (RLIN) 161120
852 ## - LOCALIZACIÓN
Ubicación ES-MaACL
Número de control de estantería G-7868
Nota libre -- Enc. hol.
856 ## - LOCALIZACIÓN Y ACCESO ELECTRÓNICOS
Identificador Uniforme de Recursos <a href="http://bdh-rd.bne.es/viewer.vm?id=0000114579&page=1 ">http://bdh-rd.bne.es/viewer.vm?id=0000114579&page=1 </a>
Nota pública Biblioteca Digital Hispánica
Holdings
Estatus retirado Estado de pérdida Estado de daño No para préstamo Colección Biblioteca de origen Biblioteca actual Ubicación en estantería Fecha de adquisición Fuente de adquisición Total de préstamos Signatura topográfica completa Código de barras Visto por última vez Precio de reemplazo Tipo de ítem Koha
        Colección digital Biblioteca del Ateneo de Madrid Biblioteca del Ateneo de Madrid Sala Pecera Planta 3 17/01/2008     G-7868 1168122 23/02/2023 23/02/2023 Libro impreso antiguo